| 000 | 01224nam a2200229Ia 4500 | ||
|---|---|---|---|
| 001 | L230-6257 | ||
| 003 | IT-CnALBA | ||
| 008 | 170116s9999||||xx |||||||||||||| ||und|| | ||
| 040 |
_aIT-CnALBA _cIT-CnALBA |
||
| 041 | _aITALIANO | ||
| 100 | _aMONDIN BATTISTA | ||
| 245 | 0 | _aI GRANDI TEOLOGI DEL SECOLO XX. 2. I TEOLOGI PROTESTANTI E ORTODOSSI. | |
| 250 | _a1a ed. | ||
| 260 |
_a TORINO. ROMA _bBORLA EDITORE _c1969 [1° Ed.:1969 - Ed.Ling.Originale: 1969] |
||
| 300 | _a340 p. | ||
| 500 | _aKARL BARTH. BRUNNER. TILLICH. NIEBUHR. BULTMANN. CULLMANN. BONHOEFFER. BULGAKOV. FLOROVSKY. LOSSKY. INDICE ONOMASTICO. TEOLOGIA MISTICA. SINTESI NEOPATRISTICA. SOFIOLOGIA. TEOLOGIA ORTODOSSA. PERIODO PATRISTICO. ETA' DI GIUSTINIANO. FOSIO E MICHELE CERULA | ||
| 501 | _aSocietà San Paolo EM - Piazza San Paolo, 14 - 12051 ALBA (CN) (non commercial uses only) ® Copyright 2017 | ||
| 520 | _aKARL BARTH. BRUNNER. TILLICH. NIEBUHR. BULTMANN. CULLMANN. BONHOEFFER. BULGAKOV. FLOROVSKY. LOSSKY. INDICE ONOMASTICO. TEOLOGIA MISTICA. SINTESI NEOPATRISTICA. SOFIOLOGIA. TEOLOGIA ORTODOSSA. PERIODO PATRISTICO. ETA' DI GIUSTINIANO. FOSIO E MICHELE CERULA | ||
| 650 | _aDOGMATICA CRISTIANA | ||
| 942 | _cBK | ||
| 957 | _71 | ||
| 999 |
_a7233 _bNO _g Copie: 1 _c265439 _d265439 |
||